Постановление ГКО СССР № 3519 о назначении Акопова С. А. уполномоченным ГКО по ликвидации последствий налета вражеской авиации н...

RUSMARC
00005133cbm0a2200325#x 450
0011838a262-f681-4357-bfd2-d36e8799b322
00520241127101709.0
100##$a20241126j19430605k###0rusy50 ca
1010#$arus
102##$aRU
105##$ay###z########
1220#$ad19430605##
2001#$aПостановление ГКО СССР № 3519 о назначении Акопова С. А. уполномоченным ГКО по ликвидации последствий налета вражеской авиации на Горьковском автозаводе, с приложением удостоверения
$j5 июня 1943 г.
251##$cДокумент
300##$aРассылочный и подлинный экземпляры
461#0$12001
$aФ. 644
$1251
$cФонд
$1852
$j644
462#0$12001
$aОп. 1
$1251
$cОпись
$1852
$j1
60101$2nlr_sh
$3RU\NLR\AUTH\661357733
$aСССР
$bГосударственный Комитет Обороны
$xИстория
$jДокументы и материалы
60101$2nlr_sh
$3RU\NLR\AUTH\661481993
$a"Горьковский автомобильный завод", открытое акционерное общество
$cНижний Новгород, город
$xИстория
$jДокументы и материалы
605##$2prlib_sh
$3LIBNET\UAF\0000088514
$aВторая мировая война в архивных документах (Комплекс оцифрованных архивных документов, кино- и фотоматериалов)
$lколлекция
605##$2acquisition_Prlib
$3DITM\AF\0000002775
$aВласть
$lколлекция
6061#$2nlr_sh
$3RU\NLR\AUTH\6601710254
$aВеликая Отечественная война
$z1941 - 1945
$zГорький, город
$jДокументы и материалы
686##$a63.3(2)622ю1
$2rubbk
$vLBC/M
686##$a65.03(2)622ю1
$2rubbk
$vLBC/M
686##$a63.3(2Рос-4Ниж)622ю1
$2rubbk
$vLBC/M
801#0$aRU
$bПБ им. Б.Н. Ельцина
$c20241126
801#1$aRU
$bПБ им. Б.Н. Ельцина
$c20241126
$2rusmarc
801#2$aRU
$bПБ им. Б.Н. Ельцина
$c20241127
$2rusmarc
850##$aРоссийский государственный архив социально-политической истории
852##$aРГАСПИ
$jД. 124. Л. 53; Оп. 2. Д. 177. Л. 82
035##$aLIBNET\0001439458
937##$d195064332
$hФедеральное архивное агентство
8564#$uhttp://readingroom.main.prlib.ru/item.aspx?id_node=n195064332&mode=full
Формат отображения